UBT Library

Ways in : (Record no. 830)

000 -LEADER
fixed length control field 00584nam a22001817a 4500
008 - FIXED-LENGTH DATA ELEMENTS--GENERAL INFORMATION
fixed length control field 150519b xxu||||| |||| 00| 0 eng d
020 ## - INTERNATIONAL STANDARD BOOK NUMBER
International Standard Book Number 9780072512908
041 0# - LANGUAGE CODE
Language code of text/sound track or separate title eng
080 ## - UNIVERSAL DECIMAL CLASSIFICATION NUMBER
Universal Decimal Classification number 800 WIL
100 ## - Rafti
Rafti Muller, Gilbert H.,
100 ## - Rafti
-- 1941-
245 00 - TITLE STATEMENT
Title Ways in :
Statement of responsibility, etc Gilbert H. Muller, John A. Williams.
260 ## -
-- Boston :
-- McGraw-Hill,
-- c2003.
300 ## -
-- 169 f
-- me il
-- 23 cm.
500 ## -
-- Includes index.
650 ## -
-- English language
-- Rhetoric.
650 ## -
-- Literature
-- History and criticism
942 ## - ADDED ENTRY ELEMENTS (KOHA)
Source of classification or shelving scheme
Item type Books
Holdings
Withdrawn status Lost status Source of classification or shelving scheme Damaged status Not for loan Collection code Permanent location Current location Shelving location Date acquired Total Checkouts Full call number Date last seen Price effective from Koha item type Barcode
          Koleksioni i përgjithshem UBT - Lipjan UBT - Lipjan Koleksioni i përgjithshem 05/19/2015   800 WIL 05/19/2015 05/19/2015 Books  
          Koleksioni i përgjithshem UBT - Lipjan UBT - Lipjan Koleksioni i përgjithshem 06/28/2017   82 MUL 06/28/2017 06/28/2017 Books 002-2907697
          Koleksioni i përgjithshem UBT - Lipjan UBT - Lipjan Koleksioni i përgjithshem 06/28/2017   82 MUL 06/28/2017 06/28/2017 Books 002-2907692
          Koleksioni i përgjithshem UBT - Lipjan UBT - Lipjan Koleksioni i përgjithshem 06/28/2017   82 MUL 06/28/2017 06/28/2017 Books 002-2907687
          Koleksioni i përgjithshem UBT - Lipjan UBT - Lipjan Koleksioni i përgjithshem 06/28/2017   82 MUL 06/28/2017 06/28/2017 Books 002-2907711
          Koleksioni i përgjithshem UBT - Lipjan UBT - Lipjan Koleksioni i përgjithshem 06/28/2017   82 MUL 06/28/2017 06/28/2017 Books 002-2907710
          Koleksioni i përgjithshem UBT - Lipjan UBT - Lipjan Koleksioni i përgjithshem 06/28/2017   82 MUL 06/28/2017 06/28/2017 Books 002-2907706
          Koleksioni i përgjithshem UBT - Lipjan UBT - Lipjan Koleksioni i përgjithshem 06/28/2017   82 MUL 06/28/2017 06/28/2017 Books 002-2907705
          Koleksioni i përgjithshem UBT - Lipjan UBT - Lipjan Koleksioni i përgjithshem 06/28/2017   82 MUL 06/28/2017 06/28/2017 Books 002-2907682
          Koleksioni i përgjithshem UBT - Lipjan UBT - Lipjan Koleksioni i përgjithshem 06/28/2017   82 MUL 06/28/2017 06/28/2017 Books 002-2907677
          Koleksioni i përgjithshem UBT - Lipjan UBT - Lipjan Koleksioni i përgjithshem 06/28/2017   82 MUL 06/28/2017 06/28/2017 Books 002-2907701
UBT Library © 2015-2024. All rights reserved University Education for Business and Technology